000 00277nam a2200109Ia 4500
008 190216s9999||||xx |||||||||||||| ||und||
100 _aBuzaev A
245 0 _aPolitical Economics A Bigniners Course
260 _b"Progress Publishers, Moscow"
650 _aEconomics
942 _cBK
999 _c9789
_d9789